000 01024cam a22003374a 4500
001 14967736
003 OSt
005 20140310183112.0
008 070815s2006 ph a 000 0 eng
010 _a 2006425082
020 _a9789712718595
035 _a(OCoLC)ocn137335280
040 _aEYM
_cEYM
_dDLC
042 _alccopycat
_alcode
043 _aa-ph---
050 0 0 _aPL5536
_b.P187 2006
082 _aFIL959.92
_bP193 2006
245 0 4 _aThe Manila We Knew
_cedited by Erlinda Enriquez Panlilio ; original art by Manuel D. Baldemor.
260 _aManila
_bAnvil
_cc2006
300 _axiii, 144 p.
_bill.
_c23 cm.
521 _aCollege
526 _c1210L-1700L
541 _j1
562 _e1
651 0 _aManila (Philippines)
_xSocial life and customs.
651 0 _aManila (Philippines)
_xDescription and travel.
700 1 _aPanlilio, Erlinda Enriquez,
_d1940-
906 _a7
_bcbc
_ccopycat
_d3
_encip
_f20
_gy-gencatlg
942 _2lcc
_cBK
_kFIL
999 _c18851
_d18851